| 000 | 00371nam a2200133Ia 4500 | ||
|---|---|---|---|
| 008 | 240624s9999 xx 000 0 und d | ||
| 041 | _aeng | ||
| 082 | _a346.048 ORT | ||
| 100 | _aMELENDEZ ORTIZ RICARDO | ||
| 245 | _aINTELLECTUAL PROPERTY AND SUSTAINABLE DE | ||
| 260 |
_c2009 _aUnited KIngdom _bEdward Elgar |
||
| 300 | _axxix, : 459 : p. : cm. ; 25 | ||
| 365 |
_cGBP _b50 |
||
| 999 |
_c27254 _d27254 |
||